The national atlas of Korea (Record no. 78703)
[ view plain ]
| 000 -LEADER | |
|---|---|
| fixed length control field | 00957nam a2200193 a 4500 |
| 008 - FIXED-LENGTH DATA ELEMENTS--GENERAL INFORMATION | |
| fixed length control field | 110331s2009 ||||||||||||||||| || u |
| 020 ## - INTERNATIONAL STANDARD BOOK NUMBER | |
| International Standard Book Number | 9788993841039 |
| 050 ## - LIBRARY OF CONGRESS CALL NUMBER | |
| Classification number | G 2330 Nat |
| 110 ## - MAIN ENTRY--CORPORATE NAME | |
| Corporate name or jurisdiction name as entry element | National Geographic Information Institute, Ministry of Land, Transport and Maritime affairs |
| 245 14 - TITLE STATEMENT | |
| Title | The national atlas of Korea |
| Statement of responsibility, etc. | National Geographic Information Institute, Ministry of Land, Transport and Maritime affairs |
| 260 ## - PUBLICATION, DISTRIBUTION, ETC. | |
| Place of publication, distribution, etc. | Gyeonggi-Do, The Republic of Korea |
| Name of publisher, distributor, etc. | National Geographic Information Institute (NGII) |
| Date of publication, distribution, etc. | 2009 |
| 300 ## - PHYSICAL DESCRIPTION | |
| Extent | [vi], 192p.: ill. |
| 350 ## - | |
| -- | 0.00 |
| 650 ## - SUBJECT ADDED ENTRY--TOPICAL TERM | |
| Topical term or geographic name entry element | ATLASES, KOREAN |
| 650 ## - SUBJECT ADDED ENTRY--TOPICAL TERM | |
| Topical term or geographic name entry element | KOREA--MPS |
| 650 ## - SUBJECT ADDED ENTRY--TOPICAL TERM | |
| Topical term or geographic name entry element | ATLASES |
| 995 ## - | |
| -- | REFERENCE BOOKS |
| -- | 0.00 |
| -- | 742531 |
| -- | CBU-MAIN LIBRARY (Kitwe) |
| -- | 1 |
| -- | 0.00 |
| -- | G 2330 NAT |
| -- | 1 |
| -- | REFERENCE |
| -- | Jul 12, 2011 |
| -- | 742531 |
| -- | Reference Collection |
| 995 ## - | |
| -- | REFERENCE BOOKS |
| -- | 0.00 |
| -- | 742532 |
| -- | CBU-MAIN LIBRARY (Kitwe) |
| -- | 1 |
| -- | 0.00 |
| -- | G 2330 NAT |
| -- | 2 |
| -- | REFERENCE |
| -- | Jul 12, 2011 |
| -- | 742532 |
| -- | Reference Collection |
| 999 ## - | |
| -- | 78703 |
| -- | 78703 |
| Withdrawn status | Lost status | Source of classification or shelving scheme | Damaged status | Not for loan | Permanent Location | Current Location | Shelving location | Date acquired | Total Checkouts | Full call number | Barcode | Date last seen | Copy number | Price effective from | Koha item type |
|---|---|---|---|---|---|---|---|---|---|---|---|---|---|---|---|
| CBU-MAIN LIBRARY, KITWE. | CBU-MAIN LIBRARY, KITWE. | 06/06/2023 | G 2330 Nat | 742531 | 06/06/2023 | 1 | 06/06/2023 | REFERENCE COLLECTION | |||||||
| CBU-MAIN LIBRARY, KITWE. | CBU-MAIN LIBRARY, KITWE. | 06/06/2023 | G 2330 Nat | 742532 | 06/06/2023 | 2 | 06/06/2023 | REFERENCE COLLECTION |